Islam, multiculturalism and transnationalism : (Record no. 27158)
[ view plain ]
| 000 -LEADER | |
|---|---|
| fixed length control field | 01333cam a22003135a 4500 |
| 005 - DATE AND TIME OF LATEST TRANSACTION | |
| control field | 20190214123046.0 |
| 008 - FIXED-LENGTH DATA ELEMENTS--GENERAL INFORMATION | |
| fixed length control field | 980413s1998 enk frb 001 0 eng d |
| 020 ## - INTERNATIONAL STANDARD BOOK NUMBER | |
| International Standard Book Number | 1860643566 |
| 020 ## - INTERNATIONAL STANDARD BOOK NUMBER | |
| International Standard Book Number | 9781860643569 |
| 035 ## - SYSTEM CONTROL NUMBER | |
| System control number | (InU)AKA2065BB |
| 035 ## - SYSTEM CONTROL NUMBER | |
| System control number | (OCoLC)ocm40060405 |
| 040 ## - CATALOGING SOURCE | |
| Original cataloging agency | GZM |
| Language of cataloging | eng |
| Transcribing agency | GZM |
| Modifying agency | EG-ScBUE |
| 043 ## - GEOGRAPHIC AREA CODE | |
| Geographic area code | a-le--- |
| 082 04 - DEWEY DECIMAL CLASSIFICATION NUMBER | |
| Classification number | 305.8927569094 |
| Item number | HUM |
| Edition number | 22 |
| 100 1# - MAIN ENTRY--PERSONAL NAME | |
| Personal name | Humphrey, Michael. |
| 245 10 - TITLE STATEMENT | |
| Title | Islam, multiculturalism and transnationalism : |
| Remainder of title | from the Lebanese diaspora / |
| Statement of responsibility, etc | Michael Humphrey. |
| 260 ## - PUBLICATION, DISTRIBUTION, ETC. (IMPRINT) | |
| Place of publication, distribution, etc | London ; |
| -- | New York : |
| Name of publisher, distributor, etc | The Centre for Lebanese Studies in association with I.B. Tauris Publishers, |
| Date of publication, distribution, etc | c.1998. |
| 300 ## - PHYSICAL DESCRIPTION | |
| Extent | vii, 200 p. ; |
| Dimensions | 23 cm. |
| 504 ## - BIBLIOGRAPHY, ETC. NOTE | |
| Bibliography, etc | Includes bibliographical references (p. 187-193) and index. |
| 520 ## - SUMMARY, ETC. | |
| Summary, etc | The migration of people is now increasingly about the internationalisation of citizenship rather than the cultural or class homogenisation of people in nation states. The Lebanese provide a particularly rich example of this phenomenon. |
| 650 #7 - SUBJECT ADDED ENTRY--TOPICAL TERM | |
| Topical term or geographic name as entry element | Lebanese |
| Geographic subdivision | Foreign countries. |
| Source of heading or term | BUEsh |
| 650 #7 - SUBJECT ADDED ENTRY--TOPICAL TERM | |
| Topical term or geographic name as entry element | Lebanese |
| General subdivision | Migrations. |
| Source of heading or term | BUEsh |
| 650 #7 - SUBJECT ADDED ENTRY--TOPICAL TERM | |
| Topical term or geographic name as entry element | Multiculturalism |
| General subdivision | Religious aspects |
| -- | Islam. |
| Source of heading or term | BUEsh |
| 650 #7 - SUBJECT ADDED ENTRY--TOPICAL TERM | |
| Topical term or geographic name as entry element | Islam and world politics. |
| Source of heading or term | BUEsh |
| 650 #7 - SUBJECT ADDED ENTRY--TOPICAL TERM | |
| Topical term or geographic name as entry element | Internationalism. |
| Source of heading or term | BUEsh |
| 651 ## - SUBJECT ADDED ENTRY--GEOGRAPHIC NAME | |
| Source of heading or term | BUEsh |
| 653 ## - INDEX TERM--UNCONTROLLED | |
| Resource For college | BAEPS, Political Science |
| Arrived date list | February2019 |
| 942 ## - ADDED ENTRY ELEMENTS (KOHA) | |
| Source of classification or shelving scheme | Dewey Decimal Classification |
| Withdrawn status | Item status | Source of classification or shelving scheme | Damaged status | Not for loan | Vendor | Home library | Current library | Shelving location | Date acquired | Source of acquisition | Cost, normal purchase price | Total Checkouts | Full call number | Barcode | Date last seen | Cost, replacement price | Koha item type |
|---|---|---|---|---|---|---|---|---|---|---|---|---|---|---|---|---|---|
| Dewey Decimal Classification | AUC | Central Library | Central Library | First floor | 14/02/2019 | Purchase | 125.00 | 305.8927569094 HUM | 000044265 | 18/08/2021 | 156.25 | Book - Borrowing |